[Event "28th Cappelle Open"]
[Site "Cappelle la Grande FRA"]
[Date "2012.03.05"]
[Round "3.21"]
[White "Timoshenko, Georgy"]
[Black "Pogorelov, Ruslan"]
[Result "1/2-1/2"]
[WhiteTitle "GM"]
[BlackTitle "GM"]
[WhiteElo "2569"]
[BlackElo "2426"]
[WhiteFideId "14100118"]
[BlackFideId "14100363"]
[EventDate "2012.03.03"]

1. e4 c5 2. Nf3 e6 3. d4 cxd4 4. Nxd4 a6 5. Bd3 Nf6 6. O-O d6 7. c4 g6 8. Nc3
Bg7 9. Be3 O-O 10. f4 e5 11. Nde2 Ng4 12. Qd2 Nxe3 13. Qxe3 exf4 14. Nxf4 Nc6
15. Kh1 Qg5 16. Qd2 Be6 17. Rad1 Ne5 18. b3 Ng4 19. Be2 1/2-1/2

[Event "28th Cappelle Open"]
[Site "Cappelle la Grande FRA"]
[Date "2012.03.05"]
[Round "3.23"]
[White "Nikcevic, Nebojsa"]
[Black "Grigoriants, Sergey"]
[Result "1/2-1/2"]
[WhiteTitle "GM"]
[BlackTitle "GM"]
[WhiteElo "2419"]
[BlackElo "2561"]
[WhiteFideId "901776"]
[BlackFideId "4130804"]
[EventDate "2012.03.03"]

1. Nf3 g6 2. c4 Bg7 3. e4 e5 4. d4 exd4 5. Nxd4 Nc6 6. Nxc6 bxc6 7. Bd3 d6 8.
O-O Nf6 9. Bd2 O-O 10. Bc3 Re8 11. Nd2 Nd7 12. Qc2 Bxc3 13. Qxc3 Qf6 14. Qxf6
Nxf6 15. Rfc1 Rb8 16. Rab1 c5 17. Rc3 Rb6 18. Ra3 a6 19. f3 Nd7 20. Nf1 Ne5 21.
Ne3 Nxd3 22. Rxd3 Be6 1/2-1/2

[Event "28th Cappelle Open"]
[Site "Cappelle la Grande FRA"]
[Date "2012.03.05"]
[Round "3.24"]
[White "AlHuwar, Jasem"]
[Black "Popovic, Dusan"]
[Result "1/2-1/2"]
[WhiteTitle "FM"]
[BlackTitle "GM"]
[WhiteElo "2241"]
[BlackElo "2561"]
[WhiteFideId "9300465"]
[BlackFideId "927031"]
[EventDate "2012.03.03"]

1. Nf3 Nf6 2. g3 g6 3. b3 Bg7 4. Bb2 d6 5. d4 O-O 6. Bg2 c5 7. O-O cxd4 8. Nxd4
d5 9. c4 e5 10. Nf3 e4 11. Nd4 dxc4 12. bxc4 Nc6 13. Nxc6 bxc6 14. Nc3 Bf5 15.
Qa4 Qc7 16. Nd1 Rfe8 17. Ne3 Bc8 18. Rab1 Nd7 19. Ba3 Bf8 20. Bxf8 Kxf8 21. Qa3+
Kg8 22. Rfd1 Rb8 1/2-1/2

[Event "28th Cappelle Open"]
[Site "Cappelle la Grande FRA"]
[Date "2012.03.05"]
[Round "3.26"]
[White "Tomczak, Jacek"]
[Black "Molina, Roberto Junio Brito"]
[Result "1/2-1/2"]
[WhiteTitle "IM"]
[BlackTitle "IM"]
[WhiteElo "2555"]
[BlackElo "2407"]
[WhiteFideId "1124668"]
[BlackFideId "2109450"]
[EventDate "2012.03.03"]

1. e4 c6 2. d4 d5 3. exd5 cxd5 4. c4 Nf6 5. Nc3 Nc6 6. Bg5 dxc4 7. Bxc4 h6 8.
Bf4 e6 9. Nf3 Bd6 10. Ne5 O-O 11. O-O Bc7 12. Nxc6 bxc6 13. Be5 Rb8 14. b3 Nd5
15. Rc1 Nxc3 16. Rxc3 Bxe5 17. dxe5 Qa5 18. Re3 Ba6 19. Bxa6 Qxa6 20. Qc2 Rb5
21. Qe2 Qa5 22. f4 Rd5 23. Rg3 Qc5+ 24. Kh1 Qb5 25. Qf3 Rfd8 26. Rg1 Rd3 27. Qf2
Rxg3 28. hxg3 a5 29. Qc2 Rd3 1/2-1/2

[Event "28th Cappelle Open"]
[Site "Cappelle la Grande FRA"]
[Date "2012.03.05"]
[Round "3.28"]
[White "Le Roux, Jean-Pierre"]
[Black "Ortega Ruiz, Jose Miguel"]
[Result "1-0"]
[WhiteTitle "GM"]
[BlackTitle "FM"]
[WhiteElo "2550"]
[BlackElo "2268"]
[WhiteFideId "609404"]
[BlackFideId "2209713"]
[EventDate "2012.03.03"]

1. e4 e5 2. Nf3 Nc6 3. Bb5 Nge7 4. c3 g6 5. d4 exd4 6. cxd4 d5 7. Nc3 Bg7 8.
exd5 Nxd5 9. Bg5 Qd6 10. O-O O-O 11. h3 Bf5 12. Re1 Ncb4 13. Ne4 Qb6 14. Ba4 h6
15. Bh4 g5 16. Bg3 Qg6 17. Qe2 Bxe4 18. Qxe4 Qxe4 19. Rxe4 f5 20. Re2 f4 21. Bh2
c6 22. a3 Na6 23. Rae1 Nac7 24. h4 Bf6 25. hxg5 hxg5 26. g3 Kg7 27. Bb3 Rh8 28.
gxf4 gxf4 29. Re4 Rh3 30. Kg2 Rah8 31. Bxf4 Nb5 32. Bg3 1-0

[Event "28th Cappelle Open"]
[Site "Cappelle la Grande FRA"]
[Date "2012.03.05"]
[Round "3.29"]
[White "Neverov, Valeriy"]
[Black "Hoolt, Sarah"]
[Result "1/2-1/2"]
[WhiteTitle "GM"]
[BlackTitle "WIM"]
[WhiteElo "2544"]
[BlackElo "2261"]
[WhiteFideId "14100150"]
[BlackFideId "24606812"]
[EventDate "2012.03.03"]

1. Nf3 Nf6 2. c4 e6 3. g3 d5 4. Bg2 Be7 5. O-O O-O 6. b3 c5 7. e3 Nc6 8. Bb2 d4
9. exd4 cxd4 10. Re1 Ne8 11. Ne5 Nxe5 12. Rxe5 f6 13. Re1 Rb8 14. d3 e5 15. Nd2
Nc7 16. f4 exf4 17. gxf4 Bb4 18. a3 Bg4 19. Qxg4 Bxd2 20. Re2 Be3+ 21. Kh1 f5
22. Qg3 Rf6 23. Bc1 Bxc1 24. Rxc1 b5 25. b4 a5 26. cxb5 axb4 27. a4 Nd5 28.
Bxd5+ Qxd5+ 29. Qg2 Qb3 30. a5 Rg6 31. Qf3 h6 32. a6 Qa3 33. Qd5+ Kh7 34. Rce1
b3 35. Qxf5 Rf8 36. Qe4 Rf6 37. Rg1 Re6 38. Qf5 Rf6 39. Qe4 Re6 40. Qxe6 Rxe6
41. Rxe6 b2 42. Re2 Qa2 43. b6 b1=Q 44. Rxa2 Qxa2 45. b7 Qd5+ 46. Rg2 Qf3 47.
b8=Q 1/2-1/2

[Event "28th Cappelle Open"]
[Site "Cappelle la Grande FRA"]
[Date "2012.03.05"]
[Round "3.30"]
[White "Kharitonov, Alexandr"]
[Black "Latzke, Boris Alexander"]
[Result "1-0"]
[WhiteTitle "GM"]
[WhiteElo "2542"]
[BlackElo "2241"]
[WhiteFideId "4135202"]
[BlackFideId "4633059"]
[EventDate "2012.03.03"]

1. d4 Nf6 2. c4 e6 3. Nc3 Bb4 4. e3 O-O 5. Bd3 c5 6. Ne2 cxd4 7. exd4 d5 8. cxd5
Nxd5 9. O-O Nc6 10. Nxd5 exd5 11. Nf4 Bd6 12. Re1 Ne7 13. Qf3 Bxf4 14. Bxf4 Ng6
15. Bd2 Qb6 16. Bc3 Be6 17. g3 Qd6 18. h4 Qd7 19. h5 Bg4 20. Qh1 Nh8 21. h6 Ng6
22. hxg7 Rfe8 23. Qh6 Bf5 24. Bf1 Re6 25. Qg5 Re4 26. f3 Rxe1 27. Rxe1 Kxg7 28.
g4 Be6 29. Bd2 f6 30. Qh6+ Kg8 31. Bd3 Bf7 32. Kf2 Re8 33. Rh1 1-0

[Event "28th Cappelle Open"]
[Site "Cappelle la Grande FRA"]
[Date "2012.03.05"]
[Round "3.32"]
[White "Dubois, Vincent"]
[Black "Szabo, Krisztian1"]
[Result "0-1"]
[BlackTitle "GM"]
[WhiteElo "1910"]
[BlackElo "2538"]
[WhiteFideId "652679"]
[BlackFideId "722901"]
[EventDate "2012.03.03"]

1. e4 c5 2. Nc3 d6 3. f4 g6 4. Nf3 Bg7 5. Bc4 Nc6 6. O-O e6 7. f5 exf5 8. d3
Nge7 9. Bg5 h6 10. Bh4 g5 11. Bg3 O-O 12. h4 f4 13. Be1 g4 14. Nh2 g3 15. Nf3
Ng6 16. Qd2 Nd4 17. h5 Nxf3+ 18. gxf3 Bd4+ 19. Bf2 gxf2+ 20. Rxf2 Qh4 0-1

[Event "28th Cappelle Open"]
[Site "Cappelle la Grande FRA"]
[Date "2012.03.05"]
[Round "3.33"]
[White "Payen, Arnaud"]
[Black "Lysyj, Igor"]
[Result "0-1"]
[WhiteTitle "IM"]
[BlackTitle "GM"]
[WhiteElo "2336"]
[BlackElo "2656"]
[WhiteFideId "600814"]
[BlackFideId "4150120"]
[EventDate "2012.03.03"]

1. c4 Nf6 2. g3 c6 3. Nf3 d5 4. Bg2 dxc4 5. O-O Nbd7 6. Na3 Nb6 7. Qc2 Be6 8.
Ng5 Bg4 9. f3 Bh5 10. Nxc4 Qd4+ 11. Ne3 e6 12. Kh1 Be7 13. d3 Nfd5 14. Nd1 e5
15. a3 O-O 16. e4 Nc7 17. Be3 Qd6 18. h4 f6 19. Nh3 Ne6 20. Nc3 Rad8 21. Rad1
Nd4 22. Qf2 Qe6 23. g4 Bf7 24. Qg3 Qb3 25. g5 Qxb2 26. gxf6 Bxf6 27. Nb1 Bh5 28.
Rd2 Qb3 29. Rg1 Nc4 30. Bxd4 Nxd2 31. Nxd2 Qxd3 32. Bxe5 Qxd2 33. Bf4 Qd3 34.
Nf2 Qd4 35. Bh3 Rde8 36. Rd1 Qc3 37. Rd3 Qa1+ 38. Rd1 Qxa3 39. Bg4 Bxg4 40. Nxg4
Bxh4 41. Nh6+ Kh8 42. Qg4 0-1

[Event "28th Cappelle Open"]
[Site "Cappelle la Grande FRA"]
[Date "2012.03.05"]
[Round "4.21"]
[White "Harutjunyan, Gevorg"]
[Black "Kravtsiv, Martyn"]
[Result "1/2-1/2"]
[WhiteTitle "GM"]
[BlackTitle "GM"]
[WhiteElo "2455"]
[BlackElo "2588"]
[WhiteFideId "13300873"]
[BlackFideId "14113147"]
[EventDate "2012.03.03"]

1. e4 e5 2. Nf3 Nc6 3. Bb5 a6 4. Ba4 Nf6 5. O-O b5 6. Bb3 Be7 7. Qe2 O-O 8. c3
d6 9. Rd1 Na5 10. Bc2 c5 11. d3 Nc6 12. Nbd2 Re8 13. Nf1 Bf8 14. Bg5 h6 15. Bxf6
Qxf6 16. Ne3 Rb8 17. d4 exd4 18. cxd4 g6 19. Nd5 Qh8 20. Qe3 Bb7 21. Qf4 Bg7 22.
Qxd6 Nxd4 23. Nxd4 Bxd4 24. Rxd4 Qxd4 1/2-1/2

[Event "28th Cappelle Open"]
[Site "Cappelle la Grande FRA"]
[Date "2012.03.05"]
[Round "4.22"]
[White "Nyzhnyk, Illya"]
[Black "Solomon, Kenny"]
[Result "1-0"]
[WhiteTitle "GM"]
[BlackTitle "IM"]
[WhiteElo "2585"]
[BlackElo "2449"]
[WhiteFideId "14118084"]
[BlackFideId "14300192"]
[EventDate "2012.03.03"]

1. d4 Nf6 2. c4 e6 3. Nf3 b6 4. g3 Ba6 5. Qa4 Bb7 6. Bg2 Be7 7. O-O O-O 8. Rd1
Qc8 9. Nc3 Ne4 10. Bd2 f5 11. d5 Nxd2 12. Rxd2 Na6 13. Qc2 Bf6 14. Nd4 Bxd4 15.
Rxd4 e5 16. Rdd1 Qe8 17. a3 d6 18. b4 Bc8 19. e3 f4 20. exf4 exf4 21. Re1 Qh5
22. Re7 f3 23. Bf1 Bh3 24. Bd3 Rf6 25. Rae1 Rh6 26. Nb5 Rf8 27. Qc3 Qg5 28. Nxc7
Nxc7 29. Rxc7 Rhf6 30. Ree7 R6f7 31. Bxh7+ Kxh7 32. Rxf7 Rxf7 33. Rxf7 1-0

[Event "28th Cappelle Open"]
[Site "Cappelle la Grande FRA"]
[Date "2012.03.05"]
[Round "4.23"]
[White "Pogorelov, Ruslan"]
[Black "Banusz, Tamas"]
[Result "0-1"]
[WhiteTitle "GM"]
[BlackTitle "GM"]
[WhiteElo "2426"]
[BlackElo "2583"]
[WhiteFideId "14100363"]
[BlackFideId "722413"]
[EventDate "2012.03.03"]

1. Nf3 d5 2. d4 Nf6 3. c4 c6 4. Nc3 dxc4 5. a4 Bf5 6. Ne5 e6 7. f3 Bb4 8. e4
Bxe4 9. fxe4 Nxe4 10. Bd2 Qxd4 11. Nxe4 Qxe4+ 12. Qe2 Bxd2+ 13. Kxd2 Qd5+ 14.
Kc2 Na6 15. Nxc4 O-O 16. Qf3 Qc5 17. Kb1 Nb4 18. Be2 Rad8 19. Rd1 Rd4 20. Ra3
Rfd8 21. Re3 Qg5 0-1

[Event "28th Cappelle Open"]
[Site "Cappelle la Grande FRA"]
[Date "2012.03.05"]
[Round "4.27"]
[White "Firat, Burak"]
[Black "Timoshenko, Georgy"]
[Result "1/2-1/2"]
[WhiteTitle "IM"]
[BlackTitle "GM"]
[WhiteElo "2405"]
[BlackElo "2569"]
[WhiteFideId "6305881"]
[BlackFideId "14100118"]
[EventDate "2012.03.03"]

1. e4 e6 2. d4 d5 3. Nc3 Bb4 4. e5 c5 5. a3 Bxc3+ 6. bxc3 Nc6 7. Nf3 Nge7 8. Bd3
Qa5 9. O-O c4 10. Be2 Bd7 11. h4 h6 12. h5 O-O-O 13. a4 Kb8 14. Qd2 b5 15. Ba3
bxa4 16. Bc5 Ka8 17. Ra3 Nc8 18. Rfa1 Nb8 19. R3a2 Bc6 20. Nh2 Nd7 21. Bb4 Qc7
22. Nf1 Ndb6 23. Ne3 Rd7 24. f4 Qd8 25. f5 Qg5 26. fxe6 fxe6 27. Bg4 Re8 28. Rf1
Kb7 29. Raa1 Na8 30. Rab1 Ncb6 31. Qe2 Nc7 32. Rf3 Nb5 33. Qe1 1/2-1/2

[Event "28th Cappelle Open"]
[Site "Cappelle la Grande FRA"]
[Date "2012.03.05"]
[Round "4.31"]
[White "Cotonnec, Melkior"]
[Black "Mirzoev, Azer"]
[Result "0-1"]
[WhiteTitle "FM"]
[BlackTitle "GM"]
[WhiteElo "2384"]
[BlackElo "2560"]
[WhiteFideId "633275"]
[BlackFideId "13400304"]
[EventDate "2012.03.03"]

1. d4 d5 2. Nf3 Nf6 3. e3 c6 4. c4 a6 5. Nc3 b5 6. b3 Bg4 7. h3 Bxf3 8. Qxf3 e6
9. Bd2 Bb4 10. Qd1 Nbd7 11. Bd3 dxc4 12. bxc4 Ne5 13. Qe2 Nxd3+ 14. Qxd3 O-O 15.
Ke2 Qe7 16. cxb5 axb5 17. a4 Bxc3 18. Qxc3 Ne4 19. Qxc6 Nxd2 20. Kxd2 Rac8 21.
Qa6 Qh4 22. g3 Qf6 23. f4 bxa4 24. Qxa4 Qg6 25. Rhg1 Qe4 26. Qd1 Rc7 27. Qb1 Qf3
28. Qf1 Qh5 29. g4 Qd5 30. Qd3 Rfc8 31. e4 Qd6 32. Rab1 Qxf4+ 0-1

[Event "28th Cappelle Open"]
[Site "Cappelle la Grande FRA"]
[Date "2012.03.05"]
[Round "4.32"]
[White "Marholev, Dimitar"]
[Black "Tomczak, Jacek"]
[Result "0-1"]
[WhiteTitle "IM"]
[BlackTitle "IM"]
[WhiteElo "2383"]
[BlackElo "2555"]
[WhiteFideId "2901340"]
[BlackFideId "1124668"]
[EventDate "2012.03.03"]

1. Nf3 Nf6 2. c4 g6 3. Nc3 d5 4. Qa4+ Bd7 5. Qb3 dxc4 6. Qxc4 a6 7. e4 b5 8. Qe2
c5 9. e5 Nh5 10. d4 Bf5 11. dxc5 Nc6 12. Be3 Qa5 13. Nd4 Nxd4 14. Bxd4 Rd8 15.
Rd1 Nf4 16. Qf3 Bh6 17. Qc6+ Kf8 18. Be3 Rxd1+ 19. Kxd1 Kg7 20. Qb6 Qb4 21. g4
Bxg4+ 22. Kc1 Nd5 23. Nxd5 Qe1+ 24. Kc2 Qd1+ 25. Kc3 Qxd5 0-1

[Event "28th Cappelle Open"]
[Site "Cappelle la Grande FRA"]
[Date "2012.03.05"]
[Round "4.39"]
[White "Shneider, Aleksandr"]
[Black "Kostiuk, Tatiana"]
[Result "1/2-1/2"]
[WhiteTitle "GM"]
[BlackTitle "WGM"]
[WhiteElo "2529"]
[BlackElo "2275"]
[WhiteFideId "14100045"]
[BlackFideId "14107449"]
[EventDate "2012.03.03"]

1. d4 Nf6 2. c4 c5 3. d5 b5 4. cxb5 a6 5. bxa6 g6 6. Nc3 Bxa6 7. Nf3 d6 8. e4
Bxf1 9. Kxf1 Bg7 10. g3 Nbd7 11. h3 O-O 12. Kg2 Qa5 13. Re1 Rfb8 14. Qc2 Nb6 15.
Nd1 Qa6 16. Bd2 Na4 17. b3 Nd7 18. Nc3 Nab6 19. a4 Ne5 20. Nxe5 Bxe5 21. Ra2 Nd7
22. f4 Bg7 23. Ne2 1/2-1/2

[Event "28th Cappelle Open"]
[Site "Cappelle la Grande FRA"]
[Date "2012.03.05"]
[Round "4.40"]
[White "Grandadam, Nicolas"]
[Black "Sanchez, Joseph"]
[Result "0-1"]
[WhiteTitle "FM"]
[BlackTitle "GM"]
[WhiteElo "2361"]
[BlackElo "2526"]
[WhiteFideId "681806"]
[BlackFideId "5201233"]
[EventDate "2012.03.03"]

1. Nf3 d5 2. d4 Nf6 3. c4 c6 4. Nc3 a6 5. a4 e6 6. Bg5 h6 7. Bxf6 Qxf6 8. e3 a5
9. Bd3 Na6 10. e4 dxe4 11. Bxe4 Bd6 12. O-O O-O 13. Re1 Nb4 14. Na2 Nxa2 15.
Rxa2 c5 16. dxc5 Bxc5 17. Qe2 Ra6 18. Raa1 Rd6 19. Rad1 Rfd8 20. Rxd6 Rxd6 21.
Rd1 Qxb2 22. Bc2 Qb6 23. Rb1 Qd8 24. Qe4 f5 25. Qe2 b6 26. Rd1 Rxd1+ 27. Bxd1
Qd6 28. Bc2 Bb7 29. h3 Kf7 30. Ne5+ Kf6 31. Nf3 g5 32. Ne1 Qd4 33. Nd3 Bd6 34.
Qh5 Kg7 0-1

[Event "28th Cappelle Open"]
[Site "Cappelle la Grande FRA"]
[Date "2012.03.05"]
[Round "4.41"]
[White "Marechal, Andy"]
[Black "Sprenger, Jan Michael"]
[Result "1/2-1/2"]
[WhiteTitle "FM"]
[BlackTitle "IM"]
[WhiteElo "2349"]
[BlackElo "2523"]
[WhiteFideId "202355"]
[BlackFideId "4646258"]
[EventDate "2012.03.03"]

1. e4 c5 2. Nc3 e6 3. g3 d5 4. exd5 exd5 5. Bg2 Nf6 6. d3 d4 7. Ne4 Nxe4 8. dxe4
Nc6 9. Ne2 g6 10. O-O Bg7 11. Nf4 O-O 12. Re1 Ne5 13. Nd3 Qb6 14. Bf4 Bg4 15.
Qd2 Nxd3 16. cxd3 Rfc8 17. h4 c4 18. dxc4 Rxc4 19. Rac1 Rxc1 20. Rxc1 Rc8 21.
Rxc8+ Bxc8 22. b3 h5 23. Bf1 1/2-1/2

[Event "28th Cappelle Open"]
[Site "Cappelle la Grande FRA"]
[Date "2012.03.05"]
[Round "4.43"]
[White "Pulvett, Daniel"]
[Black "Tazbir, Marcin"]
[Result "0-1"]
[WhiteTitle "IM"]
[BlackTitle "IM"]
[WhiteElo "2340"]
[BlackElo "2513"]
[WhiteFideId "3900410"]
[BlackFideId "1122452"]
[EventDate "2012.03.03"]

1. d4 Nc6 2. e4 e5 3. dxe5 Nxe5 4. Nf3 Nxf3+ 5. Qxf3 Qf6 6. Nc3 Bb4 7. Bd2 Qxf3
8. gxf3 Ne7 9. Rg1 g6 10. O-O-O a6 11. Nd5 Nxd5 12. exd5 Bxd2+ 13. Rxd2 d6 14.
Bd3 Ke7 15. Re2+ Kf6 16. Rge1 Bd7 17. f4 Rhe8 18. Re3 a5 19. Kd2 a4 20. Kc3 Rec8
21. Re7 Be6 22. R1xe6+ fxe6 23. Rxh7 exd5 24. Rh6 Rg8 25. h4 Kf7 26. f5 gxf5 27.
Rh5 Raf8 28. Rh7+ Rg7 29. Rh6 Ke7 30. Kd4 0-1

[Event "28th Cappelle Open"]
[Site "Cappelle la Grande FRA"]
[Date "2012.03.05"]
[Round "4.45"]
[White "Hoolt, Sarah"]
[Black "Petkov, Vladimir"]
[Result "1/2-1/2"]
[WhiteTitle "WIM"]
[BlackTitle "GM"]
[WhiteElo "2261"]
[BlackElo "2509"]
[WhiteFideId "24606812"]
[BlackFideId "2901188"]
[EventDate "2012.03.03"]

1. e4 e5 2. Nf3 Nc6 3. Bc4 Bc5 4. d3 Nf6 5. O-O d6 6. c3 a6 7. Bb3 Ba7 8. Nbd2
O-O 9. h3 Ne7 10. Re1 Ng6 11. Nf1 Nh5 12. d4 Nhf4 13. Ng3 Qf6 14. Nh5 Qe7 15.
Nxf4 exf4 16. Qd3 Be6 17. Bc2 Rad8 18. a4 c5 19. d5 Bc8 20. e5 dxe5 21. Rxe5 Qf6
22. c4 Bb8 23. Re1 b5 24. axb5 axb5 25. Bd2 bxc4 26. Qxc4 Bb7 27. Qxc5 Rxd5 28.
Qb4 Rd7 29. Bc3 Qd8 30. Be4 Bd6 31. Qb5 Bxe4 32. Rxe4 Be7 33. Rae1 Rd1 34. Rxd1
Qxd1+ 35. Re1 Qd6 36. Nd4 Rb8 37. Qc6 h6 38. Qxd6 Bxd6 39. Nf5 1/2-1/2

[Event "28th Cappelle Open"]
[Site "Cappelle la Grande FRA"]
[Date "2012.03.05"]
[Round "4.47"]
[White "Lagarde, Maxime"]
[Black "Jouniaux, Quentin"]
[Result "1-0"]
[WhiteTitle "IM"]
[WhiteElo "2488"]
[BlackElo "1625"]
[WhiteFideId "662399"]
[BlackFideId "20666004"]
[EventDate "2012.03.03"]

1. e4 d5 2. exd5 Qxd5 3. Nc3 Qa5 4. g3 Bf5 5. Bg2 c6 6. Nf3 Nf6 7. O-O e6 8. Re1
Be7 9. d4 O-O 10. h3 h6 11. Bf4 Nbd7 12. Qd2 Bb4 13. g4 Bh7 14. Ne5 Qd8 15. Nd3
Bxc3 16. bxc3 Nd5 17. Bd6 Re8 18. c4 N5b6 19. Qb4 a5 20. Qb3 Qc8 21. a4 Rd8 22.
c5 Nd5 23. c4 N5f6 24. Ne5 Ne8 25. Rad1 Nxd6 26. cxd6 c5 27. Bxb7 Rb8 28. Bxc8
Rxb3 29. Bxd7 1-0

[Event "28th Cappelle Open"]
[Site "Cappelle la Grande FRA"]
[Date "2012.03.05"]
[Round "4.48"]
[White "Nakamura, Naohiro"]
[Black "Horvath, Adam1"]
[Result "0-1"]
[BlackTitle "GM"]
[WhiteElo "2000"]
[BlackElo "2487"]
[WhiteFideId "7000715"]
[BlackFideId "708003"]
[EventDate "2012.03.03"]

1. Nf3 c5 2. c4 Nc6 3. d4 cxd4 4. Nxd4 e6 5. Nc3 Nf6 6. g3 Qb6 7. Nc2 Ne5 8. Ne3
Nfg4 9. Qb3 Nxe3 10. Bxe3 Qc6 11. Rg1 Nxc4 12. Bg2 d5 13. Bd4 Nd6 14. Rc1 Bd7
15. Kd2 Rc8 16. Rgd1 Nc4+ 17. Ke1 b5 18. a3 a5 19. e4 a4 20. Qc2 dxe4 21. Bxe4
Qa6 22. Qe2 Bc6 23. f4 Bxe4 24. Nxe4 Qc6 25. f5 h5 26. Be5 Be7 27. f6 gxf6 28.
Bxf6 Rg8 29. Qf3 Rg4 30. Rd4 Rxe4+ 31. Rxe4 Bxf6 32. Rf4 Qxf3 33. Rxf3 Bxb2 34.
Rc2 Rd8 35. h3 Rd4 36. Ke2 Bxa3 0-1

[Event "28th Cappelle Open"]
[Site "Cappelle la Grande FRA"]
[Date "2012.03.05"]
[Round "4.49"]
[White "Medghoul, Sherif"]
[Black "Solak, Dragan"]
[Result "0-1"]
[BlackTitle "GM"]
[WhiteElo "2149"]
[BlackElo "2602"]
[WhiteFideId "612057"]
[BlackFideId "916811"]
[EventDate "2012.03.03"]

1. d4 d6 2. Nf3 g6 3. c4 Bg7 4. Nc3 c5 5. e4 Qa5 6. Be2 Bg4 7. Be3 Bxf3 8. Bxf3
Nc6 9. d5 Nd4 10. O-O a6 11. Bf4 Qb4 12. Rb1 Qxc4 13. Re1 Be5 14. Bxe5 dxe5 15.
Qa4+ Qxa4 16. Nxa4 O-O-O 17. Nxc5 Nf6 18. Nd3 Nxf3+ 19. gxf3 Nd7 20. Rbc1+ Kb8
21. Kg2 Rc8 22. Kg3 Rxc1 23. Rxc1 Rc8 24. Rxc8+ Kxc8 25. Kg4 f6 26. f4 exf4 27.
Kxf4 Kc7 28. Ke3 Kd6 29. Kd4 g5 30. h3 e6 31. dxe6 Kxe6 32. Nc5+ Nxc5 33. Kxc5
Ke5 34. b4 h5 35. Kb6 h4 36. f3 Kf4 37. Kxb7 Kxf3 38. Kxa6 g4 39. b5 gxh3 40. b6
h2 41. b7 h1=Q 42. b8=Q Qf1+ 43. Ka5 Qe1+ 44. Ka4 Qxe4+ 45. Ka3 Qe3+ 0-1

[Event "28th Cappelle Open"]
[Site "Cappelle la Grande FRA"]
[Date "2012.03.05"]
[Round "4.51"]
[White "Vorobiov, Evgeny E."]
[Black "Przezdziecka, Ewa"]
[Result "1/2-1/2"]
[WhiteTitle "GM"]
[BlackTitle "WFM"]
[WhiteElo "2580"]
[BlackElo "2131"]
[WhiteFideId "4121341"]
[BlackFideId "1125591"]
[EventDate "2012.03.03"]

1. d4 Nf6 2. c4 g6 3. Nc3 d5 4. e3 Bg7 5. Qb3 c6 6. Nf3 O-O 7. Be2 Qb6 8. Qxb6
axb6 9. cxd5 Nxd5 10. Nxd5 cxd5 11. Bd2 Nc6 12. Bc3 Bg4 13. O-O Rfc8 14. Rfc1
Rc7 15. h3 Bxf3 16. Bxf3 e6 17. Bd2 Rac8 18. Kf1 Bf8 19. Bd1 Bd6 20. Rc2 Kf8 21.
Rac1 Ke7 22. Ke2 Kd8 23. g4 g5 24. a3 h6 25. Rc3 b5 26. Ra1 b4 27. axb4 Nxb4 28.
Rb3 Nc6 29. Rb5 Ke7 30. Kd3 Rb8 31. f3 b6 32. Rb3 Ra7 33. Rxa7+ Nxa7 34. e4 b5
35. e5 Bc7 36. f4 f6 37. Bb4+ Kf7 38. Rc3 Rb7 39. fxg5 hxg5 40. exf6 Kxf6 41.
Rc2 Bf4 42. Bf3 Rc7 43. Rxc7 Bxc7 44. Bc5 Nc6 45. Kc3 b4+ 46. Bxb4 Nxb4 47. Kxb4
Bb6 48. Kc3 e5 49. Bxd5 exd4+ 50. Kc4 Ke5 51. Bg8 Ba7 52. b4 Kd6 53. Bh7 Bb6 54.
Bd3 Kc6 55. Be4+ Kd6 56. Kb5 Kc7 57. h4 gxh4 58. g5 d3 59. Bxd3 Be3 60. g6 Bd4
61. Ka6 Kd8 62. b5 Ke7 63. b6 Kf6 64. b7 Be5 65. Bf5 h3 1/2-1/2

[Event "28th Cappelle Open"]
[Site "Cappelle la Grande FRA"]
[Date "2012.03.05"]
[Round "4.56"]
[White "Bokros, Albert"]
[Black "Aveline, Philippe"]
[Result "1-0"]
[WhiteTitle "IM"]
[WhiteElo "2472"]
[BlackElo "2082"]
[WhiteFideId "710458"]
[BlackFideId "608831"]
[EventDate "2012.03.03"]

1. e4 d5 2. exd5 Nf6 3. d4 Nxd5 4. Nf3 g6 5. Be2 Bg7 6. O-O O-O 7. h3 Nc6 8. c4
Nb6 9. d5 Ne5 10. Qb3 c6 11. Nc3 cxd5 12. cxd5 e6 13. Nxe5 Bxe5 14. Bh6 Bg7 15.
Bxg7 Kxg7 16. Bf3 exd5 17. Bxd5 Nxd5 18. Nxd5 Be6 19. Qc3+ f6 20. Nc7 1-0

[Event "28th Cappelle Open"]
[Site "Cappelle la Grande FRA"]
[Date "2012.03.05"]
[Round "4.70"]
[White "Greeff, Melissa"]
[Black "Giffard, Nicolas"]
[Result "1/2-1/2"]
[WhiteTitle "WGM"]
[BlackTitle "IM"]
[WhiteElo "2059"]
[BlackElo "2361"]
[WhiteFideId "14301504"]
[BlackFideId "600571"]
[EventDate "2012.03.03"]

1. e4 c6 2. d4 d5 3. exd5 cxd5 4. c4 dxc4 5. Bxc4 Qc7 6. Qb3 Be6 7. Nd2 Bxc4 8.
Nxc4 Nf6 9. Nf3 e6 10. O-O Be7 11. Bg5 O-O 12. Rac1 h6 13. Bh4 Nc6 14. Bg3 Qd7
15. Rfd1 Rfc8 16. h3 b6 17. a3 Nd5 18. Qd3 Bf8 19. Nfd2 b5 20. Ne3 a6 21. Ne4
Nce7 22. Nc5 Qa7 23. Bd6 Rd8 24. Bxe7 Bxe7 25. Qe4 Nf6 26. Qf3 Rac8 27. b4 a5
28. Nb7 Rxc1 29. Rxc1 Rxd4 30. Nxa5 Rd3 31. Nc6 Qb7 32. Nxe7+ Qxe7 33. Qa8+ Kh7
34. Ng4 Rd5 35. Ne3 Rd3 36. Ng4 Rd5 37. Ne3 1/2-1/2